Foundations and clinical applications of nutrition : (Record no. 25383)
[ view plain ]
| 000 -LEADER | |
|---|---|
| fixed length control field | 01067nam a2200241 a 4500 |
| 005 - DATE AND TIME OF LATEST TRANSACTION | |
| control field | 20140310183620.0 |
| 008 - FIXED-LENGTH DATA ELEMENTS--GENERAL INFORMATION | |
| fixed length control field | 121112s19uu xx 00 eng d |
| 020 ## - INTERNATIONAL STANDARD BOOK NUMBER | |
| International Standard Book Number | 9789812725738 |
| 050 ## - LIBRARY OF CONGRESS CALL NUMBER | |
| Classification number | RM 216 |
| Item number | .G946 2009 |
| 100 ## - MAIN ENTRY--PERSONAL NAME | |
| Personal name | Grodner, Michele |
| 245 ## - TITLE STATEMENT | |
| Title | Foundations and clinical applications of nutrition : |
| Remainder of title | a nursing approach / |
| Statement of responsibility, etc | Michele Grodner, Sara Long Anderson, Bonnie C. Walkingshaw. |
| 250 ## - EDITION STATEMENT | |
| Edition statement | 4th ed. |
| 260 ## - PUBLICATION, DISTRIBUTION, ETC. (IMPRINT) | |
| Place of publication, distribution, etc | Singapore : |
| Name of publisher, distributor, etc | Mosby / Elsevier, |
| Date of publication, distribution, etc | 2009. |
| 300 ## - PHYSICAL DESCRIPTION | |
| Extent | 620 p. : |
| Other physical details | ill. ; |
| Dimensions | 25 cm. |
| 500 ## - GENERAL NOTE | |
| General note | Includes index |
| 520 ## - SUMMARY, ETC. | |
| Summary, etc | Dicusses and analyzes two USDA guidelines - Dietary Guidelines for Americans 2005 and the MyPyramid Food Guidance System. This title features 'MyPyramid' logo boxes that spotlight critical information as it pertains to chapter content in the basic nutrition chapters. It includes virtual case studies and chapter-by-chapter PowerPoint presentations |
| 521 ## - TARGET AUDIENCE NOTE | |
| Target audience note | |
| 650 ## - SUBJECT ADDED ENTRY--TOPICAL TERM | |
| Topical term or geographic name as entry element | Nutrition |
| 700 ## - ADDED ENTRY--PERSONAL NAME | |
| Personal name | Long, Sara |
| 700 ## - ADDED ENTRY--PERSONAL NAME | |
| Personal name | Walkingshaw, Bonnie C. |
| 942 ## - ADDED ENTRY ELEMENTS (KOHA) | |
| Koha item type | Books |
| Source of classification or shelving scheme | Library of Congress Classification |
| Call number prefix | Foreign |
| Withdrawn status | Lost status | Source of classification or shelving scheme | Damaged status | Home library | Current library | Shelving location | Date acquired | Source of acquisition | Cost, normal purchase price | Total Checkouts | Total Renewals | Full call number | Barcode | Date last seen | Date checked out | Copy number | Price effective from | Koha item type |
|---|---|---|---|---|---|---|---|---|---|---|---|---|---|---|---|---|---|---|
| Library of Congress Classification | College Library | College Library | General Circulation Section | 11/12/2012 | 798.00 | 1 | 2 | RM 216 .G946 2009 | C15436 | 05/15/2018 | 03/01/2017 | 1 | 10/18/2013 | Books |